000 00285nam a22001337a 4500
008 181207b xxu||||| |||| 00| 0 eng d
020 _a1882393082
041 _aeng
080 _a371
100 _a46
101 _aEDU
245 _aEffective Reporting
_cBers,T.H
942 _2udc
_cBK
999 _c53046
_d53046